Statistics for The Lumineers - Ophelia Lyrics

Click here to take the quiz!

General Stats

  • This quiz has been taken 159 times
  • The average score is 130 of 167

Answer Stats

Lyrics% Correct
ophelia
99%
you
97%
oh
96%
i
95%
on
93%
the
92%
a
91%
my
90%
been
88%
mind
88%
girl
87%
since
87%
you've
85%
flood
81%
love
81%
in
80%
and
79%
like
77%
no
75%
was
75%
when
75%
got
74%
can't
73%
feel
73%
she
73%
young
73%
who
72%
falls
71%
fool
71%
don't
68%
better
65%
help
65%
all
64%
girlfriend
64%
heaven
64%
nothing
64%
known
61%
new
61%
honey
59%
at
58%
drug
58%
that's
58%
remorse
56%
little
55%
should've
55%
top
55%
see
54%
wrote
53%
ah
52%
past
52%
plans
52%
big
51%
feels
50%
move
50%
gotta
49%
paycheck
47%
he's
42%
small
42%
back
33%
blindness
29%
here
8%

Score Distribution

Percentile by Number Answered

Percent of People with Each Score

Your Score History

You have not taken this quiz